000 00959nam a22003017a 4500
001 BR6008867
003 BR-BrBNA
005 20230928083313.0
007 ta
008 230509b bl.||||| |||| 00| 0 por d
040 _aBR-BrBNA
_bpor
_cBiblioteca Nacional de Agricultura
041 _a(Por)
072 _aN20
_b/G514
090 _ N20 BR6008867
110 1 _aCompanhia Agropecuaria de Fomento Economico do Parana, Curitiba (Brasil)
_92271
245 1 _aMotomecanizacao agricola pioneira [Custo; Trator; Implemento agricola; Parana; Brasil]
260 3 _aCuritiba, PR (Brasil):
_c1972.
300 _a49 p.
500 _aSummary (Por); Numerical data. (*) Documento disponível na(o) CAFE do Parana, Curitiba (Brazil)
650 _aEquipamento rural
650 _aTrator
650 _aCusto
650 _aMaquina agricola
650 _aProjeto de desenvolvimento
650 _aParana
909 _a202309
_bLucia
_c55
_dLucia Elande
942 _cBK
999 _c12683
_d12683